Vplyv podnikateľského prostredia na počet pracovných miest

Vývoj počtu pracovných miest v rámci SR a vplyv faktorov v dôsledku interného a externého podnikateľského prostredia. Prostredníctvom korelačnej analýzy upozornenie na závislosť počtu pracovných miest s rôznymi faktormi ako vývoj technológií.

Salvato in:
Dettagli Bibliografici
Autore principale: Galovská, Marcela
Natura: Capitolo di libro
Lingua:slovacco
Soggetti:
Tags: Aggiungi Tag
Nessun Tag, puoi essere il primo ad aggiungerne!!

MARC

LEADER 00000naa$a2200000$$$4500
001 0247763
005 20240502073950.6
041 0 |a slo 
044 |a SK 
245 1 0 |a Vplyv podnikateľského prostredia na počet pracovných miest  |c Marcela Galovská 
520 |a Vývoj počtu pracovných miest v rámci SR a vplyv faktorov v dôsledku interného a externého podnikateľského prostredia. Prostredníctvom korelačnej analýzy upozornenie na závislosť počtu pracovných miest s rôznymi faktormi ako vývoj technológií. 
610 2 0 |a miesta pracovné 
610 2 0 |a prostredie podnikateľské 
610 2 0 |a výskum 
610 2 0 |a vývoj 
100 1 |a Galovská, Marcela